Theory and prblems of data structures (Record no. 167734)

000 -LEADER
fixed length control field 00373nam a2200133Ia 4500
008 - FIXED-LENGTH DATA ELEMENTS--GENERAL INFORMATION
fixed length control field 220217s9999||||xx |||||||||||||| ||und||
020 ## - INTERNATIONAL STANDARD BOOK NUMBER
International Standard Book Number 0-07-049549-1
082 ## - DEWEY DECIMAL CLASSIFICATION NUMBER
Classification number 005.73 LIP
100 ## - MAIN ENTRY--PERSONAL NAME
Personal name Lipschutz, Seymour
9 (RLIN) 1874
245 #0 - TITLE STATEMENT
Title Theory and prblems of data structures
260 ## - PUBLICATION, DISTRIBUTION, ETC.
Place of publication, distribution, etc. Tata mcgraw hill
Name of publisher, distributor, etc. New Delhi
Date of publication, distribution, etc. 1986
300 ## - PHYSICAL DESCRIPTION
Other physical details
Linkage .95
650 ## - SUBJECT ADDED ENTRY--TOPICAL TERM
Topical term or geographic name entry element DATA STRUCTURES
Holdings
Withdrawn status Lost status Damaged status Not for loan Collection code Home library Current library Shelving location Date acquired Full call number Barcode Date last seen Price effective from Koha item type
        Computer Science and Engineering Central Library Central Library Book Cart 02/18/2022 005.73 LIP 2923 02/18/2022 02/18/2022 Books

Powered by Koha